[Event "Winter Warmup Invitational"]
[Site "Meridian, ID"]
[Date "2012.01.21"]
[Round "1.3"]
[White "Lang, Jamie"]
[Black "Booth, Tom R"]
[Result "0-1"]
[WhiteElo "1342"]
[BlackElo "1669"]

1. e4 e6 2. d4 d5 3. e5 c5 4. c3 Nc6 5. Nf3 Qb6 6. b3 cxd4 7. cxd4 Nge7 8. Nc3
Nf5 9. Bb5 Bb4 10. Bxc6+ Qxc6 11. Bd2 Bxc3 12. Rc1 Bxd2+ 13. Qxd2 Qb6 14. O-O
O-O 15. Rc5 Bd7 16. Rfc1 Rac8 17. b4 Rxc5 18. dxc5 Qc7 19. Qf4 Bc6 20. g4 Ne7
21. h4 f6 22. Qh2 fxe5 23. Nd4 Bd7 24. a4 Rf4 25. Nb5 Rxg4+ 26. Kf1 Bxb5+ 27.
axb5 Rxb4 {#R} 0-1

[Event "Winter Warmup Invitational"]
[Site "Meridian, ID"]
[Date "2012.01.21"]
[Round "2.2"]
[White "Booth, Tom R"]
[Black "Looney, Daniel S"]
[Result "0-1"]
[WhiteElo "1669"]
[BlackElo "1584"]

1. d4 Nf6 2. c4 g6 3. Nc3 Bg7 4. e4 d6 5. Nf3 O-O 6. Be3 c6 7. Be2 e5 8. dxe5
dxe5 9. O-O Re8 10. Qc2 Na6 11. a3 b6 12. Rfd1 Qe7 13. b4 Ng4 14. Qd2 Nxe3 15.
Qxe3 f5 16. exf5 gxf5 17. Rac1 Bb7 18. Qg5 Qf8 19. Rd7 Bc8 20. Rd2 Kh8 21. Nb1
Bh6 22. Qh4 Bxd2 23. Nbxd2 Qg7 24. c5 Nc7 25. Bc4 Be6 26. Re1 Rg8 27. g3 e4
28. Bxe6 Nxe6 29. Nxe4 fxe4 30. Rxe4 Ng5 31. Nxg5 Qxg5 32. Qh3 Raf8 33. Qd7
Qd5 34. Qe7 Qd1+ 35. Kg2 Qf3+ 36. Kg1 Qxf2+ {#R} 0-1

[Event "Winter Warmup Invitational"]
[Site "Meridian, ID"]
[Date "2012.01.21"]
[Round "3.3"]
[White "Myers, Hugh S"]
[Black "Booth, Tom R"]
[Result "1/2-1/2"]
[WhiteElo "1539"]
[BlackElo "1669"]

1. e4 e6 2. d3 d5 3. e5 c5 4. f4 Nc6 5. Nf3 h6 6. c3 Nge7 7. Be2 Nf5 8. O-O
Be7 9. g4 Nh4 10. Nbd2 Bd7 11. Nxh4 Bxh4 12. Nf3 Be7 13. b3 d4 14. c4 Qc7 15.
Bd2 O-O-O 16. a3 g5 17. Rb1 gxf4 18. Bxf4 Bg5 19. Bg3 Be3+ 20. Kg2 Rdf8 21. b4
b6 22. b5 Na5 23. Nd2 Rh7 24. Ne4 Kb8 25. Nf6 Rg7 26. Bf3 Bc8 27. Qe2 Bg5 28.
h4 Be3 29. Nd5 {#d} 1/2-1/2

[Event "Idaho Closed"]
[Site "Boise, ID"]
[Date "2012.02.18"]
[Round "2.4"]
[White "Booth, Tom R"]
[Black "Weathers, Rickey D"]
[Result "1/2-1/2"]
[WhiteElo "1669"]
[BlackElo "1486"]

1. d4 d5 2. c4 c6 3. e3 Nf6 4. Nf3 Bf5 5. Nc3 e6 6. Bd2 dxc4 7. Bxc4 Bd6 8.
O-O O-O 9. a3 h6 10. Re1 b5 11. Be2 Nbd7 12. Rc1 Nb6 13. b4 a6 14. Bf1 Ne4 15.
Nxe4 Bxe4 16. Bc3 f6 17. Bb2 Rc8 18. Nd2 Bg6 19. e4 e5 20. Qg4 Kh7 21. Nb3 Bf7
22. Nc5 Bxc5 23. dxc5 Nc4 24. Red1 Qe7 25. Bxc4 Bxc4 26. Rd7 Be6 27. Rxe7 Bxg4
28. f3 Bh5 29. Rd1 Rf7 30. Rxf7 Bxf7 31. Kf2 Rc7 32. Ke1 Kg6 33. Rd6 Kh7 34.
g4 h5 35. h3 hxg4 36. hxg4 Be8 37. Ke2 Rd7 38. Rxc6 Rd2+ 39. Kxd2 Bxc6 40. Kd3
Kg6 41. Bc1 Kf7 42. f4 Ke6 43. f5+ Kf7 44. g5 g6 45. gxf6 Kxf6 46. fxg6 Kxg6
{#d} 1/2-1/2

[Event "Idaho Closed"]
[Site "Boise, ID"]
[Date "2012.02.19"]
[Round "3.4"]
[White "Booth, Tom R"]
[Black "Bruck, Nick Jon"]
[Result "1-0"]
[WhiteElo "1669"]
[BlackElo "1340"]

1. d4 d5 2. c4 dxc4 3. e3 Qd6 4. Nc3 Nf6 5. Bxc4 a6 6. Nf3 Qc6 7. Bxf7+ Kxf7
8. Ne5+ Ke8 9. Nxc6 Nxc6 10. O-O Be6 11. e4 Bf7 12. Qa4 Kd8 13. Bf4 Be8 14.
Qd1 Bd7 15. d5 Na7 16. e5 Ne8 17. e6 Bb5 18. Nxb5 Nxb5 19. Qa4 h6 20. Rac1 g5
21. Be5 Bg7 22. Bxg7 Nxg7 23. Rc5 Nf5 24. Rxb5 Rc8 25. Rxb7 c6 26. dxc6 Nd6
27. Rd1 Ke8 28. Rxd6 exd6 29. c7+ Ke7 30. Qd7+ Kf6 31. Rb8 Rxb8 32. cxb8=Q
Rxb8 33. Qxd6 Rc8 34. e7+ Kg7 35. Qe5+ Kf7 36. Qf5+ Kxe7 37. Qxc8 a5 38. b3 h5
39. a3 Kf6 40. Qe8 h4 41. b4 axb4 42. axb4 Kf5 43. b5 Kg4 44. b6 h3 45. gxh3+
Kf4 46. b7 Kf5 47. b8=Q g4 48. hxg4+ Kf6 49. Qbe5# 1-0

[Event "Idaho Closed"]
[Site "Boise, ID"]
[Date "2012.02.19"]
[Round "4.2"]
[White "Looney, Daniel S"]
[Black "Booth, Tom R"]
[Result "1-0"]
[WhiteElo "1584"]
[BlackElo "1669"]

1. e4 e6 2. d3 d5 3. Nd2 Nc6 4. g3 Nf6 5. Bg2 Bc5 6. Nb3 Bb6 7. Bg5 h6 8. exd5
exd5 9. Qe2+ Be6 10. Bxf6 Qxf6 11. Nh3 O-O-O 12. O-O Rhe8 13. Qd2 g5 14. Kh1
Kb8 15. c3 Bg4 16. Ng1 Ne5 17. f4 Bxg1 18. fxe5 Qxe5 19. Kxg1 Qe2 20. Qxe2
Rxe2 21. Rf2 Rde8 22. Rxe2 Rxe2 23. Rb1 c6 24. h3 Bh5 25. Bf1 Re7 26. Kf2 Kc7
27. Re1 Rxe1 28. Kxe1 Kd6 29. d4 Bg6 30. Kd2 Bf5 31. Bg2 Bg6 32. Nc5 Kc7 33.
Nd3 f5 34. Ne5 Be8 35. Kd3 Kd6 36. h4 g4 37. Ke3 c5 38. Kf4 cxd4 39. cxd4 Ke6
40. Bf1 a6 41. Bd3 b5 42. Bxf5+ Kf6 43. Nxg4+ {#r} 1-0

[Event "Idaho Closed"]
[Site "Boise, ID"]
[Date "2012.02.20"]
[Round "5.4"]
[White "Booth, Tom R"]
[Black "Olsoy, Peter John"]
[Result "1/2-1/2"]
[WhiteElo "1669"]
[BlackElo "1313"]

1. d4 Nf6 2. c4 g6 3. Nc3 Bg7 4. e4 d6 5. Nf3 O-O 6. Be2 Nbd7 7. O-O c5 8. Be3
Ng4 9. Bf4 cxd4 10. Nxd4 Nxf2 11. Rxf2 e5 12. Be3 exd4 13. Bxd4 Ne5 14. Rb1
Be6 15. Nd5 a6 16. b3 Bxd5 17. exd5 Re8 18. Qd2 Qd7 19. Rbf1 Re7 20. Rc1 Rc8
21. Rcf1 Rce8 22. c5 f6 23. c6 bxc6 24. dxc6 Nxc6 25. Bc4+ d5 26. Bxa6 Nxd4
27. Qxd4 f5 28. Qc5 Rd8 29. Bb5 Qa7 30. Qxa7 Rxa7 31. Kh1 {#d} 1/2-1/2

[Event "Idaho Closed"]
[Site "Boise, ID"]
[Date "2012.02.20"]
[Round "6.6"]
[White "Edvalson, Paul"]
[Black "Booth, Tom R"]
[Result "1-0"]
[WhiteElo "1597"]
[BlackElo "1669"]

1. e4 e6 2. d3 d5 3. Nd2 Nf6 4. Ngf3 Bc5 5. g3 Ng4 6. d4 Bb6 7. e5 Nd7 8. Nb3
c5 9. h3 Nh6 10. Bxh6 gxh6 11. Qd2 Qe7 12. Qxh6 Qf8 13. Qf4 cxd4 14. Nbxd4 a6
15. c3 Bxd4 16. Nxd4 Qg7 17. Nf3 Nc5 18. Nd2 Bd7 19. Be2 Ne4 20. Nxe4 dxe4 21.
O-O O-O-O 22. Qxe4 Bc6 23. Qf4 Rhg8 24. Rad1 Qg5 25. Rxd8+ Kxd8 26. Qd4+ Kc8
27. Rd1 h5 28. h4 Qf5 29. b4 Qh3 30. f3 Qxg3+ 31. Kf1 Qg2+ 32. Ke1 Qh1+ 33.
Bf1 Qxf3 34. Rd3 Qe4+ 35. Qxe4 Bxe4 36. Rd4 Bg6 37. a4 Rd8 38. Rxd8+ Kxd8 39.
Kd2 Kc7 40. Ke3 Kc6 41. Kd4 Bf5 42. Bg2+ Kc7 43. c4 Bg6 44. b5 axb5 45. axb5
b6 46. c5 bxc5+ 47. Kxc5 Kb8 48. b6 Bc2 49. Bf3 Bg6 50. Kd6 Kc8 51. Ke7 Kb8
52. Kd7 Bd3 53. Bxh5 Kb7 54. Bxf7 Kxb6 55. Kxe6 Kc7 56. Ke7 Kc6 57. Kf8 Kd7
58. e6+ Kd6 59. e7 {#r} 1-0

[Event "ICU MVCC Ch (Champ)"]
[Site "Twin Falls, ID"]
[Date "2012.03.24"]
[Round "1.2"]
[White "Booth, Tom R"]
[Black "Roland, Jeffrey T"]
[Result "1/2-1/2"]
[WhiteElo "1600"]
[BlackElo "1700"]

1. d4 d5 2. c4 e6 3. Nf3 Nf6 4. Bg5 Be7 5. Nc3 h6 6. Bxf6 Bxf6 7. e3 O-O 8.
Rc1 c6 9. Bd3 dxc4 10. Bxc4 b5 11. Bd3 a6 12. O-O Bb7 13. Qc2 Nd7 14. Rfd1 Qe7
15. Ne4 Rac8 16. Nc5 Nxc5 17. dxc5 Rcd8 18. e4 e5 19. Rd2 Bc8 20. h3 Bg5 21.
Nxg5 Qxg5 22. Kh1 Rd4 23. Rcd1 Rfd8 24. a3 Be6 25. b4 Qf4 26. g3 Qf3+ 27. Kh2
f5 28. exf5 Bd5 29. Rg1 Kh8 30. Bf1 Bb3 31. Rxd4 Rxd4 32. Qe2 Qxf5 33. Bg2 e4
34. Qe3 Rd3 35. Qxe4 Qxe4 36. Bxe4 Rd2 37. Kg2 Bd5 38. Bxd5 Rxd5 39. Re1 Rd3
40. Re3 Rd7 41. Re8+ Kh7 42. Ra8 Rc7 43. Rxa6 Kg6 44. Ra8 Kf5 45. a4 bxa4 46.
Rxa4 Ke5 47. f4+ Kd4 48. b5+ Kxc5 49. bxc6 Rxc6 50. Ra7 g6 51. Rg7 Kd4 52. Kf3
h5 53. Rd7+ Kc5 54. g4 hxg4+ 55. hxg4 Re6 {#d} 1/2-1/2

[Event "ICU MVCC Ch (Champ)"]
[Site "Twin Falls, ID"]
[Date "2012.03.24"]
[Round "2.4"]
[White "Myers, Hugh S"]
[Black "Booth, Tom R"]
[Result "1/2-1/2"]
[WhiteElo "1621"]
[BlackElo "1600"]

1. e4 e6 2. f4 d5 3. e5 c5 4. Nf3 Ne7 5. Be2 Nf5 6. O-O Be7 7. g4 Nh4 8. g5
Nf5 9. Bd3 Nc6 10. Bxf5 exf5 11. d3 Be6 12. c3 Qb6 13. Kg2 O-O-O 14. b3 h6 15.
h4 hxg5 16. fxg5 f6 17. exf6 gxf6 18. Qe1 Kd7 19. a4 fxg5 20. Bxg5 Bxg5 21.
Nxg5 Rde8 22. Nd2 Qc7 23. Qg3 Reg8 24. Qxc7+ Kxc7 25. Ndf3 Kd6 26. Kh3 f4+ 27.
Nxe6 Rg3+ 28. Kh2 Kxe6 29. Rae1+ Kf5 30. Re2 Kg4 31. Rg2 Rxg2+ 32. Kxg2 {#d}
1/2-1/2

[Event "ICU MVCC Ch (Champ)"]
[Site "Twin Falls, ID"]
[Date "2012.03.24"]
[Round "4.2"]
[White "Furlow, Blake"]
[Black "Booth, Tom R"]
[Result "1-0"]
[WhiteElo "1684"]
[BlackElo "1600"]

1. e4 e6 2. Nf3 d5 3. exd5 exd5 4. d4 Nf6 5. Bd3 Be7 6. O-O O-O 7. c4 c6 8. c5
Ne4 9. Bf4 Bg4 10. Nbd2 Nxd2 11. Qxd2 Bxf3 12. gxf3 Bf6 13. Kh1 Nd7 14. Qc2
Bxd4 15. Bxh7+ Kh8 16. Qf5 Qf6 17. Qh5 Qh6 18. Bxh6 Kxh7 19. Be3+ {#r} 1-0

[Event "ICA Players Mem-Open"]
[Site "Boise, ID"]
[Date "2012.05.19"]
[Round "2.5"]
[White "Olsoy, Peter John"]
[Black "Booth, Tom R"]
[Result "1-0"]
[WhiteElo "1615"]
[BlackElo "1604"]

1. d4 e6 2. c4 d5 3. Nc3 Nf6 4. Bg5 Be7 5. Nf3 c6 6. e3 Nbd7 7. Bd3 dxc4 8.
Bxc4 O-O 9. O-O Nd5 10. Bxe7 Qxe7 11. Nxd5 exd5 12. Bd3 Nf6 13. Ne5 Bd7 14.
Rc1 Rad8 15. Qa4 a6 16. b4 Ng4 17. Nxd7 Qxd7 18. h3 Nf6 19. Qc2 Qe7 20. Qc5
Rfe8 21. a3 Ne4 22. Qb6 Rb8 23. a4 Nd2 24. Rfd1 Ne4 25. Bxe4 Qxe4 26. b5 axb5
27. axb5 Qe6 28. bxc6 bxc6 29. Qxc6 Qxc6 30. Rxc6 Red8 31. Rdc1 Kf8 32. Rc7
Ke8 33. R1c5 Rb1+ 34. Kh2 Rb2 35. Kg3 Ra2 36. Rb5 Ra6 37. Rbb7 Rg6+ 38. Kf3
Rf6+ 39. Ke2 Ra8 40. f4 Ra2+ 41. Kf3 Ra8 42. Rd7 Rd8 43. Re7+ Kf8 44. Rbd7
Rxd7 45. Rxd7 g5 46. g3 gxf4 47. gxf4 Rh6 48. Rxd5 Rxh3+ 49. Ke4 Ke7 50. Re5+
Kd6 51. Kf5 Rh5+ 52. Kf6 Rxe5 53. fxe5+ Kd7 54. Kxf7 h5 55. e6+ {#r} 1-0

[Event "ICA Players Mem-Open"]
[Site "Boise, ID"]
[Date "2012.05.20"]
[Round "5.6"]
[White "Bruck, Nick Jon"]
[Black "Booth, Tom R"]
[Result "0-1"]
[WhiteElo "1454"]
[BlackElo "1604"]

1. e4 e6 2. d4 d5 3. exd5 exd5 4. Nc3 Nf6 5. Nf3 Be7 6. Bd3 O-O 7. O-O Bg4 8.
h3 Bh5 9. Be2 c6 10. Ne5 Bxe2 11. Qxe2 Nbd7 12. Nxd7 Qxd7 13. b3 Rfe8 14. Qd3
Bb4 15. Ne2 Rac8 16. Ng3 Ne4 17. a3 Bd6 18. Nxe4 Rxe4 19. Bb2 Rce8 20. Qc3 Qe7
21. Bc1 Bc7 22. Qc5 Qxc5 23. dxc5 Be5 24. Ra2 Bc3 25. Bb2 d4 26. Bxc3 dxc3 27.
f3 Rd4 28. a4 Rd2 29. Rf2 Re1+ 30. Rf1 Ree2 31. Rc1 Rxg2+ 32. Kf1 Rge2 33. a5
a6 34. b4 Rf2+ 35. Kg1 Rfe2 36. Kf1 f5 37. f4 Rf2+ 38. Kg1 Rxf4 39. Ra3 Rf3
40. h4 Rg3+ 41. Kh1 Kf7 42. h5 Kf6 43. Rb3 f4 44. Ra3 Rd5 45. Rxc3 Rxh5# 0-1

[Event "Meridian Invitational"]
[Site "Meridian, ID"]
[Date "2012.06.23"]
[Round "1.5"]
[White "Puderbaugh, Kory"]
[Black "Booth, Tom R"]
[Result "1-0"]
[WhiteElo "1232"]
[BlackElo "1604"]

1. d4 e6 2. c4 d5 3. Nc3 Nf6 4. Nf3 Be7 5. e3 O-O 6. Bd3 dxc4 7. Bxc4 c5 8.
O-O Nc6 9. dxc5 Bxc5 10. Qc2 Qe7 11. a3 a6 12. b4 Ba7 13. Bb2 b5 14. Bd3 h6
15. Ne4 Nxe4 16. Bxe4 Bb7 17. Bh7+ Kh8 18. Qc3 e5 19. Be4 Rac8 20. Bxc6 Rxc6
21. Qxe5 Qxe5 22. Bxe5 Rfc8 23. Bd4 Bxd4 24. Nxd4 Rg6 25. g3 h5 26. Rac1 Rxc1
27. Rxc1 h4 28. Ne2 hxg3 29. hxg3 Rh6 30. Kf1 Rh1+ 31. Ng1 Bd5 32. f3 Bc4+ 33.
Kg2 Rh5 34. Kf2 Rh6 35. Kg2 Rc6 36. Ne2 Rd6 37. Rc2 Rc6 38. Kf2 Rh6 39. Kg2
Rc6 40. f4 Re6 41. Kf3 Rh6 42. e4 Rc6 43. Nd4 Rc7 44. Nb3 Be2+ 45. Rxe2 Rc3+
46. Re3 Rc6 47. Nc5 Rd6 48. Ke2 Rh6 49. Rf3 Rh2+ 50. Rf2 Rh6 51. Ke3 Rc6 52.
Rd2 Kh7 53. e5 a5 54. Rd6 Rc7 55. g4 axb4 56. axb4 Ra7 57. Rd7 Ra3+ 58. Nd3
Kg8 59. Rb7 Rb3 60. Rxb5 Kf8 61. Rd5 Ke7 62. Ke4 f6 63. Kd4 fxe5+ 64. fxe5 Rb1
65. Kc4 Rd1 66. b5 Rg1 67. Rd4 g5 68. b6 Rb1 69. Rd6 Rg1 70. b7 Rb1 71. Nb4
Rc1+ 72. Kb5 Rf1 73. b8=Q {#r} 1-0

[Event "Meridian Invitational"]
[Site "Meridian, ID"]
[Date "2012.06.23"]
[Round "2.4"]
[White "Booth, Tom R"]
[Black "Myers, Hugh S"]
[Result "1/2-1/2"]
[WhiteElo "1604"]
[BlackElo "1520"]

1. d4 f5 2. Nf3 d5 3. c4 e6 4. Bg5 Be7 5. Bxe7 Qxe7 6. e3 Nf6 7. Nc3 c6 8. Be2
O-O 9. O-O Nbd7 10. cxd5 exd5 11. a3 Ne4 12. Rc1 g5 13. b4 a6 14. Na4 g4 15.
Ne1 b5 16. Nc5 Ndxc5 17. dxc5 Qg5 18. Bd3 h5 19. Bxe4 fxe4 20. g3 Be6 21. Ng2
Rf3 22. a4 Raf8 23. axb5 axb5 24. Ra1 R3f7 25. Ra6 Bd7 {#d} 1/2-1/2

[Event "Meridian Invitational"]
[Site "Meridian, ID"]
[Date "2012.06.23"]
[Round "3.5"]
[White "Booth, Tom R"]
[Black "Patterson, Kevin R"]
[Result "1-0"]
[WhiteElo "1604"]
[BlackElo "1222"]

1. d4 c6 2. c4 d5 3. cxd5 cxd5 4. Nf3 h6 5. Nc3 Nf6 6. Bf4 Bf5 7. Qb3 b6 8.
Nb5 Na6 9. Rc1 Rc8 10. Rxc8 Qxc8 11. Nc3 e6 12. Qb5+ Nd7 13. a3 Be7 14. e3 O-O
15. Qxa6 Qxa6 16. Bxa6 Nb8 17. Be2 Rc8 18. O-O Nc6 19. Ba6 Rf8 20. b4 g5 21.
Bg3 h5 22. h3 Kh7 23. Rc1 h4 24. Be5 f6 25. Bh2 Nd8 26. Ne2 Be4 27. Rc7 Bxf3
28. Rxe7+ Nf7 29. gxf3 Kh6 30. Rxe6 Nh8 31. Be5 Kg7 32. Re7+ Rf7 33. Rxf7+
Nxf7 34. Bb8 {#r} 1-0

[Event "Meridian Invitational"]
[Site "Meridian, ID"]
[Date "2012.06.23"]
[Round "4.4"]
[White "Edvalson, Paul"]
[Black "Booth, Tom R"]
[Result "1-0"]
[WhiteElo "1565"]
[BlackElo "1604"]

1. b3 d5 2. Bb2 Nf6 3. e3 e6 4. f4 Be7 5. Nf3 O-O 6. Nc3 c5 7. Bd3 Nc6 8. a3
a6 9. Ne2 b5 10. c4 dxc4 11. Bc2 cxb3 12. Bxb3 c4 13. Bc2 Bb7 14. Ng3 b4 15.
Ne5 Nxe5 16. fxe5 Nd5 17. Bd4 c3 18. O-O cxd2 19. Nh5 Rc8 20. Qg4 g6 21. Be4
f5 22. exf6 Qd7 23. Bxg6 Bxf6 24. Be8+ Kh8 25. Bxd7 Rc4 26. Bxf6+ Rxf6 27.
Qg7# 1-0

[Event "Southern Idaho Open"]
[Site "Twin Falls, ID"]
[Date "2012.11.03"]
[Round "1.2"]
[White "Henderson, Michael"]
[Black "Booth, Tom R"]
[Result "1/2-1/2"]
[WhiteElo "1856"]
[BlackElo "1554"]

1. d4 d5 2. c4 e6 3. Nc3 Nf6 4. cxd5 exd5 5. Bg5 c6 6. e3 Be7 7. Nf3 Bf5 8.
Rc1 Nbd7 9. Be2 O-O 10. O-O Re8 11. a3 a5 12. Nh4 Be4 13. f3 Bg6 14. Nxg6 hxg6
15. Bd3 Nh7 16. Bxe7 Rxe7 17. e4 dxe4 18. fxe4 Nhf6 19. e5 Nd5 20. Nxd5 cxd5
21. Qf3 Qb6 22. Qxd5 Nxe5 23. Qe4 Rae8 24. Kh1 Nc6 {#d} 1/2-1/2

[Event "Southern Idaho Open"]
[Site "Twin Falls, ID"]
[Date "2012.11.03"]
[Round "2.6"]
[White "Booth, Tom R"]
[Black "Mathur, Abhinav"]
[Result "0-1"]
[WhiteElo "1554"]
[BlackElo "1579"]

1. d4 d5 2. c4 e6 3. Nc3 Nf6 4. Bg5 Be7 5. e3 b6 6. cxd5 exd5 7. Nf3 O-O 8.
Be2 Bb7 9. O-O Nbd7 10. Rc1 c6 11. a3 Ne4 12. Bxe7 Qxe7 13. Nxe4 dxe4 14. Nd2
f5 15. Bc4+ Kh8 16. Qb3 Rf6 17. f3 Rh6 18. fxe4 fxe4 19. Rf4 Nf6 20. Rcf1 Qd6
21. Qb4 c5 22. dxc5 Qe5 23. cxb6 g5 24. bxa7 Qc7 25. Qc3 gxf4 26. Rxf4 Qg7 27.
Qe5 Qf8 28. g4 Rxa7 29. g5 Rg6 30. Rxf6 Rxf6 31. gxf6 Ra8 {#R} 0-1

[Event "Southern Idaho Open"]
[Site "Twin Falls, ID"]
[Date "2012.11.03"]
[Round "3.8"]
[White "Hanson, Cindy"]
[Black "Booth, Tom R"]
[Result "0-1"]
[WhiteElo "1058"]
[BlackElo "1554"]

1. e4 e6 2. d4 d5 3. e5 c5 4. Nf3 Nc6 5. Bb5 Bd7 6. Bxc6 Bxc6 7. a3 cxd4 8.
Nxd4 Rc8 9. b4 a6 10. Be3 Ne7 11. Nd2 Ng6 12. N2f3 Be7 13. g3 Qc7 14. Bf4 O-O
15. h4 Nxf4 16. gxf4 Qd8 17. Qd3 Bb5 18. Nxb5 axb5 19. Ng5 Bxg5 20. hxg5 g6
21. Kd2 Qc7 22. Rac1 Qc4 23. Ke3 Qc3 24. Kf3 Rc4 25. Kg2 Qxd3 26. cxd3 Rc6 27.
d4 Rfc8 28. Rcg1 Rc2 29. Rh6 Kg7 30. Rgh1 Rh8 31. R1h3 Rc4 32. Rd3 Kf8 33.
Rhh3 Ke7 34. Kf1 Rhc8 35. Ke2 Rc2+ 36. Rd2 Rxd2+ 37. Kxd2 Rh8 38. Rc3 Kd7 39.
Rc5 Ra8 40. Rxb5 Rxa3 41. Rxb7+ Ke8 42. b5 Rb3 43. b6 Rb4 44. Kc3 Rb5 45. Rb8+
Ke7 46. Kd2 Kd7 {The rest of the game was not recorded due to time pressure.}
{#R} 0-1

[Event "Southern Idaho Open"]
[Site "Twin Falls, ID"]
[Date "2012.11.03"]
[Round "4.5"]
[White "Gorman, Cody Austin"]
[Black "Booth, Tom R"]
[Result "1-0"]
[WhiteElo "1383"]
[BlackElo "1554"]

1. b3 d5 2. e3 Nf6 3. Nf3 Bg4 4. Bb2 e6 5. h3 Bh5 6. g4 Bg6 7. Ne5 Nbd7 8.
Nxg6 hxg6 9. Bg2 c6 10. Qe2 g5 11. d3 Qc7 12. Nd2 O-O-O 13. Nf3 Bb4+ 14. c3
Bd6 15. Nxg5 Rdf8 16. O-O-O Qa5 17. Kb1 d4 18. Ne4 Nxe4 19. Bxe4 dxc3 20. Ba1
Ba3 21. Qc2 Bb4 22. Rc1 Nc5 23. Bxc3 Bxc3 24. Qxc3 Qxc3 25. Rxc3 Nxe4 26. dxe4
Rd8 27. Kc2 Rd7 28. Rd3 Rxd3 29. Kxd3 e5 30. h4 Rd8+ 31. Kc2 Rh8 32. h5 f6 33.
Rf1 Kc7 34. f4 exf4 35. exf4 Kc8 36. Re1 Re8 37. Kd3 Rd8+ 38. Kc3 Re8 39. e5
fxe5 40. Rxe5 Rf8 41. Rf5 Rg8 42. Rg5 Rf8 43. Rxg7 Rxf4 44. h6 Rf3+ 45. Kd4
Rh3 46. h7 c5+ 47. Kc4 b5+ 48. Kxb5 {#r} 1-0

[Event "WIO (Open)"]
[Site "Boise, ID"]
[Date "2012.12.08"]
[Round "2.8"]
[White "Booth, Tom R"]
[Black "Olsoy, Peter John"]
[Result "0-1"]
[WhiteElo "1540"]
[BlackElo "1694"]

1. d4 d5 2. c4 e6 3. Nc3 Nf6 4. Bg5 Be7 5. Nf3 h6 6. Bh4 O-O 7. e3 b6 8. cxd5
Nxd5 9. Bxe7 Qxe7 10. Nxd5 exd5 11. Be2 Bf5 12. O-O Nd7 13. Rc1 Nf6 14. Ne5 c5
15. Nc6 Qd6 16. Bb5 a6 17. dxc5 bxc5 18. Ba4 a5 19. Qb3 Bd7 20. Qb7 Rfc8 21.
Rfd1 Bxc6 22. Bxc6 Qxc6 23. Qb3 Rab8 24. Qc2 Qb5 25. h3 Qxb2 26. Qf5 c4 27.
Rb1 Qxa2 28. Ra1 Qb3 29. Rab1 Qa4 30. Ra1 Qb5 31. Rdb1 Qc5 32. Rc1 c3 33. Rc2
Rb2 34. Rac1 Rxc2 35. Rxc2 a4 36. Qd3 Qc4 37. Qd1 a3 38. Qb1 Nd7 39. Qb7 Nb8
40. Qb1 Na6 41. Qb7 Nb4 42. Rc1 c2 43. h4 a2 44. Qd7 Qc3 45. Qb7 a1=Q 46. Rxa1
Qxa1+ 47. Kh2 c1=Q {#R} 0-1

[Event "WIO (Open)"]
[Site "Boise, ID"]
[Date "2012.12.08"]
[Round "3.8"]
[White "Booth, Tom R"]
[Black "Nathan, Jacob Ari"]
[Result "1-0"]
[WhiteElo "1540"]
[BlackElo "687"]

1. d4 Nc6 2. c4 Nf6 3. Nf3 e6 4. Nc3 Bb4 5. Bd2 d5 6. e3 O-O 7. Be2 Qe7 8. O-O
e5 9. Nxd5 Nxd5 10. cxd5 e4 11. dxc6 exf3 12. Bxf3 bxc6 13. Bxc6 Rb8 14. Bxb4
Rxb4 15. Qd2 Rb6 16. Rac1 Qg5 17. Rc5 Qg6 18. Bf3 Rf6 19. Qc2 Bf5 20. e4 Bh3
21. e5 Rf5 22. Be4 Rc8 23. Rxc7 Rxc7 24. Qxc7 h6 25. Qd8+ Kh7 26. Qh4 Bxg2 27.
Bxf5 Bf3+ 28. Bxg6+ {#r} 1-0

[Event "WIO (Open)"]
[Site "Boise, ID"]
[Date "2012.12.09"]
[Round "4.9"]
[White "Blake, Lloyd"]
[Black "Booth, Tom R"]
[Result "0-1"]
[WhiteElo "996"]
[BlackElo "1540"]

1. Nf3 e6 2. d3 d5 3. Nbd2 Nf6 4. g3 Nbd7 5. Bg2 Bd6 6. O-O O-O 7. Re1 c6 8.
e4 dxe4 9. dxe4 e5 10. Nc4 Bc7 11. Nd6 Bxd6 12. Qxd6 Re8 13. Qd3 Qe7 14. Be3
Nc5 15. Bxc5 Qxc5 16. h3 Be6 17. c3 Bc4 18. Qe3 Qxe3 19. Rxe3 Rad8 20. b3 Ba6
21. c4 c5 22. g4 b6 23. g5 Nh5 24. Nh4 g6 25. Bf3 Nf4 26. Bg4 Bb7 27. Rd1
Rxd1+ 28. Bxd1 Rd8 29. Bg4 Kg7 30. Ng2 Nxg2 31. Kxg2 Rd2 32. h4 Rxa2 33. h5
gxh5 34. Bxh5 Rd2 35. Kg3 Rd4 36. f4 exf4+ 37. Kxf4 f6 38. gxf6+ Kxf6 39. Bf3
a6 40. Kg3 Ke5 41. Re1 Bxe4 42. Bxe4 Rxe4 43. Kf2 Rxe1 44. Kxe1 Kd4 {#R} 0-1

[Event "WIO (Open)"]
[Site "Boise, ID"]
[Date "2012.12.09"]
[Round "5.7"]
[White "Booth, Tom R"]
[Black "Niro III, Frank A"]
[Result "1-0"]
[WhiteElo "1540"]
[BlackElo "1700"]

1. d4 f5 2. c4 Nf6 3. Nc3 g6 4. Nf3 d6 5. Bg5 Bg7 6. e3 O-O 7. Bd3 c6 8. O-O
Qe8 9. Qc2 Na6 10. a3 e5 11. dxe5 dxe5 12. Bxf6 Bxf6 13. e4 f4 14. b4 Bg4 15.
Be2 Qe6 16. c5 Bxf3 17. Bxf3 Nc7 18. Qa2 Kh8 19. Qxe6 Nxe6 20. Ne2 Ng5 21.
Rad1 Rad8 22. Rd6 Be7 23. Rdd1 Kg7 24. Rfe1 Nxf3+ 25. gxf3 g5 26. Nc3 Kf6 27.
h3 Ke6 28. Rf1 Rd4 29. Ne2 Rc4 30. Rd2 a5 31. Rc1 Rxc1+ 32. Nxc1 axb4 33. axb4
b6 34. cxb6 Rb8 35. Nd3 Rxb6 36. Nc5+ Bxc5 37. bxc5 Rb1+ 38. Kg2 Rc1 39. Rd6+
Ke7 40. Rxc6 Kd7 41. Rh6 Rxc5 42. Rxh7+ Ke6 43. Rh8 Rc7 {#r} 1-0

[Event "Idaho Open (Open)"]
[Site "Pocatello, ID"]
[Date "2013.05.18"]
[Round "1.6"]
[White "Booth, Tom R"]
[Black "Roland, Jeffrey T"]
[Result "1/2-1/2"]
[WhiteElo "1558"]
[BlackElo "1701"]

1. d4 Nf6 2. c4 e6 3. Nc3 d5 4. Bg5 Nbd7 5. Nf3 Be7 6. e3 O-O 7. Be2 h6 8. Bh4
b6 9. cxd5 exd5 10. O-O Bb7 11. a3 c5 12. dxc5 bxc5 13. Rc1 Nb6 14. Na4 Nxa4
15. Qxa4 Qb6 16. Qb5 Bc6 17. Qxb6 axb6 18. Ne5 Be8 19. Bf3 Rd8 20. Rfe1 g5 21.
Bg3 Bb5 22. Ng4 Nxg4 23. Bxg4 f5 24. Bh5 Rd7 25. Be5 Bd6 26. Bc3 Re7 27. b4
Be8 28. Bf3 Bf7 29. Red1 Ra7 30. Bxd5 Bxd5 31. Rxd5 Be7 32. bxc5 Bxc5 33. Bb4
Bxb4 {#d} 1/2-1/2

[Event "Idaho Open (Open)"]
[Site "Pocatello, ID"]
[Date "2013.05.18"]
[Round "3.3"]
[White "Mathur, Abhinav"]
[Black "Booth, Tom R"]
[Result "1-0"]
[WhiteElo "1759"]
[BlackElo "1558"]

1. e4 e6 2. d4 d5 3. Nc3 Nf6 4. Bd3 dxe4 5. Nxe4 Nxe4 6. Bxe4 Be7 7. Nf3 O-O
8. O-O Nd7 9. c3 Nf6 10. Bc2 b6 11. Ne5 Bb7 12. Re1 c5 13. Qd3 Rc8 14. Bg5 c4
15. Qh3 g6 16. Bh6 Re8 17. Ba4 Qd5 18. Bxe8 Rxe8 19. Ng4 Nxg4 20. Qxg4 Bd6 21.
f3 f5 22. Qh4 Be7 23. Bg5 Bxg5 24. Qxg5 Qb5 25. Re2 Bd5 26. Rae1 Kg7 27. Qf4
Qc6 28. Kf2 b5 29. a3 a5 30. h4 h5 31. Qd2 a4 32. Re5 Kh7 33. Qg5 Kg7 34. Rg1
Qb7 35. Qe3 Qc6 36. g4 fxg4 37. fxg4 Bf3 38. gxh5 Bxh5 39. Rxh5 Rf8+ 40. Ke1
{#r} 1-0

[Event "Idaho Open (Open)"]
[Site "Pocatello, ID"]
[Date "2013.05.19"]
[Round "4.5"]
[White "Booth, Tom R"]
[Black "Hughes, Craig Mark"]
[Result "1/2-1/2"]
[WhiteElo "1558"]
[BlackElo "1647"]

1. d4 g6 2. c4 Bg7 3. Nc3 c5 4. e3 Nf6 5. Nf3 O-O 6. Be2 d6 7. O-O Nbd7 8. b3
b6 9. Bb2 Bb7 10. d5 Re8 11. Qc2 Nf8 12. Rab1 e6 13. dxe6 Nxe6 14. Rfd1 Nc7
15. Ba1 Qe7 16. Nd5 Bxd5 17. cxd5 Ncxd5 18. Bb5 Nxe3 19. fxe3 Qxe3+ 20. Qf2
Qxf2+ 21. Kxf2 Ne4+ 22. Kf1 Re7 23. Bxg7 Kxg7 24. Rbc1 Rd8 25. Bc6 f5 26. Bd5
Kf6 27. Re1 {#d} 1/2-1/2